Jurisprudencia del recurso de casación en la forma y en el fondo
Guardat en:
| Autor principal: | |
|---|---|
| Format: | Llibre |
| Idioma: | espanyol |
| Publicat: |
Santiago
PuntoLex
2007
|
| Matèries: | |
| Etiquetes: |
Afegir etiqueta
Sense etiquetes, Sigues el primer a etiquetar aquest registre!
|
MARC
| LEADER | 00000nam a2200000 a 4500 | ||
|---|---|---|---|
| 001 | UCI4158 | ||
| 003 | CL-VaPUC | ||
| 008 | 071228e20070000CL |||||||||||||||||spa|d | ||
| 020 | |a 9789568541217 | ||
| 082 | 0 | 4 | |a 347.077 |b ZAV |2 21 |
| 100 | 0 | |a Zavala Ortiz, José Luis |e author |9 525862 | |
| 245 | 1 | 0 | |a Jurisprudencia del recurso de casación en la forma y en el fondo |
| 300 | |a 425 p | ||
| 942 | |c BK | ||
| 945 | |d 20071228 00:00:00 |a rbrito | ||
| 260 | |a Santiago |b PuntoLex |c 2007 | ||
| 650 | 0 | |a Recurso de casación |9 258890 | |
| 650 | 0 | |a Cosa juzgada |9 255091 | |
| 650 | 7 | |a INCOMPETENCIA |2 CL-VaPUC |9 525863 | |
| 650 | 7 | |a SENTENCIA |2 CL-VaPUC |9 381937 | |
| 650 | 0 | |a Jurisprudencia |9 255952 | |
| 650 | 0 | |a Código de procedimiento civil |9 256305 | |
| 650 | 7 | |a PRUEBA PERICIAL |2 CL-VaPUC |9 258499 | |
| 650 | 0 | |a Divorcio |9 256204 | |
| 583 | |a last modification |c 20071228 00:00:00 |k Rodrigo Vera | ||
| 999 | |c 328140 |d 328138 | ||
| 952 | |0 0 |1 0 |4 0 |6 347_077000000000000_ZAV_2007 |7 0 |8 A |9 411920 |a BIBDER |b BIBDER |d 2019-11-22 |i 4398661 |l 2 |o 347.077 ZAV 2007 |p 4398661 |r 2023-01-25 |s 2021-10-08 |w 2019-11-22 |y BK |k DER | ||